| 000 | 00890nam a2200193 a 4500 | ||
|---|---|---|---|
| 001 | 000041044 | ||
| 005 | 20201002034557.0 | ||
| 008 | 130913s2003 sp 001 0 spa d | ||
| 040 |
_aDO-SdBNP _bspa _cBNPHU |
||
| 100 | 1 |
_aSaurín de la Iglesia, María Rosa. _967536 |
|
| 245 | 1 | 0 |
_aAntonio, Francisco y Benigno de la iglesia : _buna biografía intelectual / _cMaría Rosa Saurín de la Iglesia. |
| 260 |
_aSantiago de Compostela, España : _bInstituto de Estudios Gallegos "Padre Sarmiento": _bConsejo Superior de Investigaciones Científicas, _c2003. |
||
| 300 |
_a251 p. : _bil. ; _c24 cm. |
||
| 490 | 1 |
_aCuadernos de Estudios Gallegos. Anexo _v30 |
|
| 500 | _aIncluye índice | ||
| 504 | _aIncluye referencias bibliográficas y notas al pie de las páginas | ||
| 710 | 2 |
_aConsejo Superior de Investigaciones Científicas _94786 |
|
| 830 | 0 |
_aCuadernos de Estudios Gallegos. Anexo _v30 _967537 |
|
| 999 |
_c40534 _d40534 |
||